Państwa europejskie z najmniejszą liczbą turystów nocujących - Statystyki

Ogólne statystyki
  • Ten quiz został rozwiązany 4 164 razy
  • Średni wynik to 8 z 10
Statystyki odpowiedzi
Odwiedzający Państwo % Poprawnych
145 000 Mołdawia
89%
bardzo mało Watykan
88%
78 000 San Marino
86%
79 000 Liechtenstein
85%
9 597 Kosowo
78%
1 046 000 Luksemburg
77%
355 000 Monako
77%
631 000 Macedonia Północna
67%
1 497 000 Serbia
61%
922 000 Bośnia i Hercegowina
57%
Nie znaleziono quizów pasujących do podanych kryteriów
Rozkład punktacji
Procent ludzi z każdym wynikiem
Percentyl według liczby udzielonych odpowiedzi
Twoja historia wyników
Nie rozwiązałeś tego quizu